[Event "Edmonton June-B"]
[Site "Edmonton"]
[Date "2004.06.06"]
[Round "5"]
[White "Veneracion, Paolo"]
[Black "Yam, Alex"]
[Result "1/2-1/2"]
[WhiteElo "2125"]
[BlackElo "2119"]
[PlyCount "81"]
[EventDate "2004.06.??"]
[EventType "tourn"]
[EventRounds "5"]
[EventCountry "CAN"]
[SourceTitle "EXT 2006"]
[Source "ChessBase"]
[SourceDate "2005.11.24"]
[SourceVersion "1"]
[SourceVersionDate "2005.11.24"]
[SourceQuality "1"]

1. e4 Nf6 2. e5 Nd5 3. c4 Nb6 4. d4 d6 5. exd6 cxd6 6. Bd3 g6 7. Nf3 Bg7 8. h3 Nc6 9. Be3 0-0 10. Qd2 Re8 11. d5 Ne5 12. Nxe5 dxe5 13. Nc3 e6 14. 0-0 exd5 15. Bxb6 Qxb6 16. Nxd5 Qd4 17. Nc7 Bf5 18. Nxe8 Rxe8 19. Rfd1 Rd8 20. Bxf5 Qxd2 21. Rxd2 Rxd2 22. Be4 Rxb2 23. Rb1 Rxb1+ 24. Bxb1 Kf8 25. Be4 b6 26. g4 Ke7 27. Kf1 Kf6 28. Bd5 h6 29. Ke2 Bf8 30. Kd3 Bc5 31. f3 Ke7 32. Ke4 Bd4 33. f4 f6 34. h4 Bf2 35. h5 gxh5 36. gxh5 Bg3 37. fxe5 fxe5 38. Kf5 Kd6 39. Ke4 Kc5 40. Bg8 Kb4 41. Bf7 1/2-1/2

[Event "Edmonton June-B"]
[Site "Edmonton"]
[Date "2004.06.05"]
[Round "3"]
[White "Veneracion, Paolo"]
[Black "Grumic, Sasha"]
[Result "0-1"]
[WhiteElo "2125"]
[BlackElo "2144"]
[PlyCount "70"]
[EventDate "2004.06.??"]
[EventType "tourn"]
[EventRounds "5"]
[EventCountry "CAN"]
[SourceTitle "EXT 2006"]
[Source "ChessBase"]
[SourceDate "2005.11.24"]
[SourceVersion "1"]
[SourceVersionDate "2005.11.24"]
[SourceQuality "1"]

1. e4 g6 2. d4 Bg7 3. Be3 c5 4. c3 Nf6 5. f3 0-0 6. dxc5 b6 7. cxb6 axb6 8. Qb3 Nc6 9. Bxb6 Qe8 10. Qc2 d5 11. Nd2 dxe4 12. fxe4 Rb8 13. Bf2 Ng4 14. Bc5 Be6 15. Ngf3 Bh6 16. Nc4 Rb5 17. b4 Rxc5 18. bxc5 Bxc4 19. Bxc4 Ne3 20. Qe2 Qc8 21. Bd5 e6 22. Bb3 Na5 23. Qb5 Qa8 24. Qa4 Qa7 25. Kf2 Nec4 26. Bxc4 Qxc5+ 27. Kg3 Nxc4 28. Rhe1 e5 29. Qc2 Bf4+ 30. Kh3 Qc8+ 31. g4 h5 32. Qg2 Kg7 33. Nh4 Rh8 34. a4 hxg4+ 35. Qxg4 Rxh4+ 0-1

[Event "Edmonton June-B"]
[Site "Edmonton"]
[Date "2004.06.04"]
[Round "1"]
[White "Veneracion, Paolo"]
[Black "Hughey, Micah"]
[Result "1-0"]
[WhiteElo "2125"]
[BlackElo "2095"]
[PlyCount "45"]
[EventDate "2004.06.??"]
[EventType "tourn"]
[EventRounds "5"]
[EventCountry "CAN"]
[SourceTitle "EXT 2006"]
[Source "ChessBase"]
[SourceDate "2005.11.24"]
[SourceVersion "1"]
[SourceVersionDate "2005.11.24"]
[SourceQuality "1"]

1. Nf3 d5 2. b3 Nf6 3. Bb2 e6 4. e3 c5 5. c4 Nc6 6. cxd5 exd5 7. d3 Bd6 8. Be2 0-0 9. 0-0 Bg4 10. Nbd2 Qe7 11. Rc1 Rfd8 12. Re1 h6 13. Qc2 Rac8 14. Qb1 Bf5 15. Qa1 Ng4 16. Bxg7 f6 17. Nh4 Bd7 18. Bxg4 Qxg7 19. Bxd7 Rxd7 20. Nf5 Qg5 21. Nxd6 Rxd6 22. Rxc5 b6 23. Ne4 1-0

[Event "Alberta op"]
[Site "Calgary"]
[Date "2002.10.19"]
[Round "3"]
[White "Huber, Gregory"]
[Black "Veneracion, Paolo"]
[Result "1-0"]
[WhiteElo "2301"]
[BlackElo "2157"]
[PlyCount "115"]
[EventDate "2002.10.15"]
[EventType "swiss"]
[EventRounds "6"]
[EventCountry "CAN"]
[SourceTitle "EXT 2007"]
[Source "ChessBase"]
[SourceDate "2006.11.23"]
[SourceVersion "1"]
[SourceVersionDate "2006.11.23"]
[SourceQuality "1"]

1. e4 c5 2. Nc3 d6 3. Nge2 Nf6 4. d4 cxd4 5. Nxd4 a6 6. Be2 e6 7. 0-0 Be7 8. f4 Qc7 9. Bf3 Nc6 10. Kh1 Bd7 11. Be3 Nxd4 12. Qxd4 0-0 13. e5 Ne8 14. Rad1 Bc6 15. Ne4 d5 16. Ng3 g6 17. Be2 Ng7 18. Bd3 Bh4 19. Ne2 Nf5 20. Qb6 Qxb6 21. Bxb6 Rac8 22. c3 Be7 23. Kg1 Ba4 24. Rd2 h5 25. Rf3 Rc6 26. Bf2 Nh6 27. b3 Bb5 28. Bxb5 axb5 29. Nd4 Rfc8 30. Nxc6 Rxc6 31. Kf1 Nf5 32. g3 Bd8 33. Rfd3 Ba5 34. Rc2 Kf8 35. Ke2 Ke7 36. h3 Ng7 37. g4 Ke8 38. Bd4 Bd8 39. a3 Be7 40. Ra2 Kd7 41. Rdd2 h4 42. a4 b4 43. cxb4 Bxb4 44. Rdc2 Ra6 45. Rc1 Ba5 46. Rac2 Ra8 47. b4 Bd8 48. a5 Ne8 49. Bf2 g5 50. fxg5 Bxg5 51. Rf1 f6 52. Bd4 Ke7 53. exf6+ Kf7 54. Be5 Rd8 55. Kd3 Rd7 56. b5 d4 57. Rc5 Be3 58. a6 1-0